Un Importante donativo de los herederos de don Jaime Borrás
Colección:
San Jorge,
; núm. 2 (abril 1951), pàg. 80-81
Idioma:
Español
MARC
| LEADER | 00000naa a2200000 a 4500 | ||
|---|---|---|---|
| 003 | Arxiu | ||
| 005 | 20260324181028.0 | ||
| 008 | 160829s1951 spcaxx s spa c | ||
| 040 | |a agdb | ||
| 245 | 0 | 3 | |a Un Importante donativo de los herederos de don Jaime Borrás |
| 490 | |a San Jorge, |v núm. 2 (abril 1951), pàg. 80-81 | ||
| 600 | 1 | 0 | |9 54563 |a Borràs, Jaume, |d 1873-1949 |
| 610 | 2 | 0 | |9 54846 |a Instituto del Teatro (Barcelona, Catalunya) |
| 773 | |t San Jorge. |g Núm. 2 (abril 1951), pàg. 80-81 | ||
| 901 | |a Arxiu | ||
| 942 | |n 1 |2 udc |c ART | ||
| 952 | |0 0 |1 0 |4 0 |6 REV508 |7 1 |9 64569 |a Arxiu |b Arxiu |d 2022-12-01 |l 0 |o Rev-508 |r 2022-12-01 00:00:00 |w 2022-12-01 |y ARXIU |z També disponible a Rev-521 | ||
| 999 | |c 44887 |d 44887 | ||